01408cam a22003494i 4500003000900000005001700009008004100026035001800067040003300085082001900118100004600137245002300183264005000206300002800256336002100284337002500305338002300330490001500353505057300368526001000941526001000951526001000961526001000971526000800981526000800989526000800997526000801005526000801013526000801021526000801029650002101037PE-LiUPU20250731173520.0150616s r 000 0 d a(Sirsi) a8268 aPE-LiUPUbspacPE-LiUPUerda04a248.4bL592211 aLewis, Clive Staples,d1898-1963,eautor.10aMere Christianity. 1aNew York :bMacmillian Publishing Co.,c1960. a190 páginas ;c18 cm. atext2rdacontent aunmediated2rdamedia avolume2rdacarrier0 aReligión0 aThe law of human nature.- Some objetions.- The reality of the law.- What lies behind the law.- We have cause to be uneasu.- The rival conceptions of God.- The invasion.- The shocking alternative.- The perfect penitent.- The practical conclusion.- The three parts of morality.- The cardinal virtues.- Social morality.- Morality and psichoanalisis.- Sexual moralty.- Christian marriage.- Forgiveness.- The great sin.- Charity.- Hope.- Faith.- Making and begetting.- The three-personal God.- Time and beyond time.- Good infection.- The obstinate toy soldiers.- Two notes. aSEG42 aSEG41 aSEG40 aSEG39 aP94 aP87 aP86 aP85 aP77 aP76 aP3504aMADRE CRISTIANA.